Les merveilles de la gravure / (Record no. 53233)

MARC details
000 -LEADER
campo de control de longitud fija 00751nam a22002295i 4500
001 - NÚMERO DE CONTROL
campo de control 53233
003 - IDENTIFICADOR DE NÚMERO DE CONTROL
campo de control ES-MaACL
005 - FECHA Y HORA DE LA ÚLTIMA TRANSACCIÓN
campo de control 20250817051946.0
007 - CAMPO FIJO DE DESCRIPCIÓN FÍSICA--INFORMACIÓN GENERAL
campo de control de longitud fija t|
008 - DATOS DE LONGITUD FIJA--INFORMACIÓN GENERAL
campo de control de longitud fija 950912s1869 fr ||||1| fre d
040 ## - FUENTE DE CATALOGACIÓN
Centro catalogador/agencia de origen CAM
Lengua de catalogación spa
Centro/agencia transcriptor CAM
100 1# - ENTRADA PRINCIPAL--NOMBRE DE PERSONA
Nombre de persona Duplessis, Georges.
9 (RLIN) 46095
245 14 - MENCIÓN DEL TÍTULO
Título Les merveilles de la gravure /
Mención de responsabilidad, etc. par Georges Duplessis; ouvrage illustré... par P. Sellier.
260 ## - PUBLICACIÓN, DISTRIBUCIÓN, ETC.
Lugar de publicación, distribución, etc. Paris :
Nombre del editor, distribuidor, etc. L. Hachette et Cie.,
Fecha de publicación, distribución, etc. 1869 (
Fabricante Simon Racon et Comp.)
300 ## - DESCRIPCIÓN FÍSICA
Extensión 418 p., [34] h. de lám. ;
Dimensiones 19 cm.
490 1# - MENCIÓN DE SERIE
Mención de serie Bibliothèque des merveilles
650 17 - PUNTO DE ACCESO ADICIONAL DE MATERIA--TÉRMINO DE MATERIA
Término de materia o nombre geográfico como elemento de entrada Grabado
Fuente del encabezamiento o término embne
9 (RLIN) 13138
700 1# - ENTRADA AGREGADA--NOMBRE PERSONAL
Nombre de persona Sellier, P.
9 (RLIN) 105335
830 0# - PUNTO DE ACCESO ADICIONAL DE SERIE-TÍTULO UNIFORME
Título uniforme Bibliothèque des merveilles
9 (RLIN) 182004
852 ## - LOCALIZACIÓN
Ubicación ES-MaACL
Número de control de estantería D-858
Holdings
Estatus retirado Estado de pérdida Estado de daño No para préstamo Colección Biblioteca de origen Biblioteca actual Ubicación en estantería Fecha de adquisición Fuente de adquisición Total de préstamos Signatura topográfica completa Código de barras Visto por última vez Precio de reemplazo Tipo de ítem Koha
        Libros del s. XIX Biblioteca del Ateneo de Madrid Biblioteca del Ateneo de Madrid Sala Valle Inclán 17/01/2008     D-858 901055933 23/02/2023 23/02/2023 Libro impreso antiguo